| 000 | 01775cam a22002534a 4500 | ||
|---|---|---|---|
| 005 | 20250605164150.0 | ||
| 008 | 250528s ||||||||||||||||||||||||d | ||
| 035 | _a19340 | ||
| 020 | _a9600337837 | ||
| 040 |
_aGR-AtMCL _bgre _dGR-AtMCL _eAACR2 |
||
| 245 | 1 | _aΕργασία με τους Γονείς / Ψυχαναλυτική Ψυχοθεραπεία με Παιδιά και Εφήβους | |
| 250 | _a1η | ||
| 260 |
_bΚαστανιώτη, _c2005 |
||
| 300 | _a288 | ||
| 520 | _aΠρόλογος, Εισαγωγή, Διάλογοι με τους Γονείς, Θεραπευτικός Χώρος για την Αναδημιουργία του Παιδιού στο Νου των Γονέων, Έχοντας στο Νου το Παιδί: Σκέψεις Πάνω στην Εργασία με Γονείς Παιδιών που Βρίσκονται σε Θεραπεία, Γονεϊκή Θεραπεία - Θεωρία και Πράξη, Εργασία με Γονείς Ψυχωτικών Παιδιών στο Πλαίσιο μιας Θεραπευτικής Μονάδας Ημέρας, Ερ4γασία με τους Γονείς Αυτιστικών Παιδιών, Βοήθεια προς τα Παιδιά Μέσω της Γονεϊκής Θεραπείας: Το Μοντέλο της Ψυχοθεραπείας Μητέρας/ Βρέφους, Εργασία με τους Γονείς Σεξουαλικά Κακοποιημένων Παιδιών, Βιβλιογραφία, Ευρετήριο. | ||
| 700 | 1 |
_aBoalt Boethious Siv _95588 |
|
| 700 | 1 |
_aHallerfors Birgit _95589 |
|
| 700 | 1 |
_aHorne Ann _95590 |
|
| 700 | 1 |
_aTischler Lydia _95591 |
|
| 700 | 1 |
_aΤσιαντής Γιάννης _95592 |
|
| 942 | _cBK | ||
| 999 |
_c4600 _d4600 |
||